Ballon d`Or Top 5 Except Messi and CR7 - Statistics

General Stats
  • This quiz has been taken 250 times
  • The average score is 55 of 80
Answer Stats
Year Player Club % Correct
2007 1 Kaka AC Milan
88%
4(6) Kaka AC Milan / Real Madrid
88%
3(5) Neymar Santos / FC Barcelona
88%
5(7) Neymar FC Barcelona
88%
2015 1(3) Neymar FC Barcelona
88%
3(5) Neymar FC Barcelona
88%
2017 1(3) Neymar FC Barcelona / PSG
88%
5(7) Kylian Mbappé AS Monaco / PSG
85%
3(4) Kylian Mbappé Paris Saint-Germain
85%
4(6) Kylian Mbappé Paris Saint-Germain
85%
2(3) Kylian Mbappé Paris Saint-Germain
85%
2023 1(2) Erling Braut Haaland Manchester City
84%
3(4) Karim Benzema Real Madrid
83%
2022 1 Karim Benzema Real Madrid
83%
4(6) Mohamed Salah Liverpool FC
82%
3(5) Mohamed Salah Liverpool FC
82%
5(7) Mohamed Salah Liverpool FC
82%
5 Mohamed Salah Liverpool FC
82%
3(5) Luka Modrić Real Madrid
81%
2018 1 Luka Modrić Real Madrid
81%
2(4) Robert Lewandowski Bayern Munich
81%
2021 1(2) Robert Lewandowski Bayern Munich
81%
4 Robert Lewandowski Bayern Munich
81%
2(4) Andres Iniesta FC Barcelona
80%
2010 1(2) Andres Iniesta FC Barcelona
80%
2(4) Andres Iniesta FC Barcelona
80%
2012 1(3) Andres Iniesta FC Barcelona
80%
4(6) Andres Iniesta FC Barcelona
80%
5(6) Vinícius Júnior Real Madrid
80%
2019 1(2) Virgil van Dijk Liverpool FC
79%
3(5) Xavi Hernandez FC Barcelona
78%
2009 1(3) Xavi Hernandez FC Barcelona
78%
2(3) Xavi Hernandez FC Barcelona
78%
2(4) Xavi Hernandez FC Barcelona
78%
2016 1(3) Antoine Griezmann Atletico Madrid
76%
2(3) Antoine Griezmann Atletico Madrid
76%
4(6) Luis Suarez AFC Ajax / Liverpool FC
76%
3(5) Luis Suarez FC Barcelona
76%
2(4) Luis Suarez FC Barcelona
76%
3 Kevin De Bruyne Manchester City
75%
3(4) Kevin De Bruyne Manchester City
75%
2(4) Sadio Mané Liverpool FC
75%
2 Sadio Mané Liverpool FC
75%
2011 1(3) Xavi Hernandez FC Barcelona
75%
4(5) Rodri Manchester City
74%
2014 1(3) Manuel Neuer Bayern Munich
71%
5(7) Manuel Neuer Bayern Munich
71%
5(7) Zlatan Ibrahimovic Inter
70%
5(7) Zlatan Ibrahimovic FC Barcelona / Inter
70%
2(4) Zlatan Ibrahimovic Paris Saint-Germain
70%
2013 1(3) Franck Ribéry Bayern Munich
68%
4(6) Gareth Bale Real Madrid
66%
4(6) Sergio Ramos Real Madrid
65%
2(4) Arjen Robben Bayern Munich
64%
3(5) Thomas Müller Bayern Munich
64%
4(6) Thomas Müller Bayern Munich
64%
2(4) Didier Drogba Chelsea
62%
2(4) Gianluigi Buffon Juventus
62%
4(5) N'Golo Kanté Chelsea
61%
4(6) Philipp Lahm Bayern Munich
59%
3(5) Wayne Rooney Manchester United
58%
2(3) Jorginho Chelsea
56%
5(7) Riyad Mahrez Leicester City
56%
2008 1(3) Fernando Torres Liverpool FC
54%
3(5) Samuel Eto'o Inter
54%
5(7) Alisson Becker Liverpool FC
47%
3(4) Wesley Sneijder Inter
46%
2(4) Iker Casillas Real Madrid
45%
5(7) Iker Casillas Real Madrid
45%
4(6) Iker Casillas Real Madrid
45%
3(5) Andrea Pirlo AC Milan
42%
5(7) Andrea Pirlo Juventus
42%
5(7) Raphaël Varane Real Madrid
39%
5(7) David Villa Valencia CF
36%
4(5) Diego Forlan Atletico Madrid
35%
5(7) Diego Forlan Atletico Madrid / Inter
35%
3(5) Radamel Falcao Atletico Madrid
33%
5(7) Robin van Persie Manchester United
33%
4(6) Andrei Arshavin Zenit Sankt-Peterburg
21%
4(6) Ruud van Nistelrooy Real Madrid
17%
No matching quizzes found
Score Distribution
Percent of People with Each Score
Percentile by Number Answered
Your Score History
You have not taken this quiz